|
书名:
|
中兽医临证基础
|
|
|
作者:
|
王天益
主编
|
|
出版信息:
|
成都
成都科技大学出版社
1993.07
|
|
开本页数:
|
26cm 
319页
|
|
丛书名:
|
|
|
单 册:
|
|
|
中图分类:
|
S853
|
|
科图分类:
|
|
|
主题词:
|
兽医学
|
|
电子资源:
|
|
|
ISBN:
|
7-5616-2431-X
|
|
000
|
00553nam0 2200193 450
|
|
001
|
0674251218
|
|
005
|
20060325203748.93
|
|
010
|
|
@a7-5616-2431-X@dCNY4.80
|
|
100
|
|
@a20060325d1993 km y0chiy0120 ea
|
|
101
|
0
|
@achi
|
|
102
|
|
@aCN@b510000
|
|
200
|
1
|
@a中兽医临证基础@Azhong shou yi lin zheng ji chu@f王天益主编@Fwang tian yi zhu bian
|
|
210
|
|
@a成都@c成都科技大学出版社@d1993.07
|
|
215
|
|
@a319页@d26cm
|
|
606
|
0
|
@a兽医学
|
|
690
|
|
@aS853@v4
|
|
701
|
0
|
@a王天益@Awang tian yi@4主编
|
|
801
|
0
|
@aCN@bNISOFT@c20060325
|
|
905
|
|
@a10447@dS853@e31
|
|
|
|
|
| |
| 中兽医临证基础/王天益主编.-成都:成都科技大学出版社,1993.07 |
| 319页;26cm |
| |
| |
| ISBN 7-5616-2431-X:CNY4.80 |
| |
| ● |
正题名:中兽医临证基础
索取号:S853/31
 
预约/预借
| 序号
|
登录号
|
条形码
|
馆藏地/架位号
|
状态
|
备注
|
|
1
|
135248
|
201352482
|
海科密-1楼/7架10列4层/
[索取号:S853/31]
|
在馆
|
|
|
2
|
135249
|
201352491
|
海科密-1楼/7架10列4层/
[索取号:S853/31]
|
在馆
|
|
|
3
|
135250
|
201352507
|
海科密-1楼/7架10列4层/
[索取号:S853/31]
|
在馆
|
|
|
4
|
135251
|
201352516
|
海科密-1楼/7架10列4层/
[索取号:S853/31]
|
在馆
|
|
|
5
|
135252
|
201352525
|
海科密-1楼/7架10列4层/
[索取号:S853/31]
|
在馆
|
|